01004nam a22002177a 4500003000500000005001700005008004100022020003000063040002800093041001200121082001600133100002700149245008700176260004700263300005700310490005100367500028500418650003000703700002600733700002700759322820250917135030.0250917b sa ||||| |||| 00| 0 eng d a9780198481300 (paperback) aMPLbEnglishc3228erda aEnglish 0aKF 823 HUNT aHunt, RoderickeAuthor aThe hole in the sand / cRoderick Hunt, Thelma Page ; illustrated by Alex Brychta. aOxford : bOxford University Press,c2003. a16 pages. : bchiefly color illustrations ; c20 cm. a Oxford reading tree. Stage 2, First sentences a The Stage 2 Biff, Chip and Kipper stories provide a rich story context to help develop language comprehension and decoding skills. First Sentences provide practice of high frequency vocabulary with highly repetitive text to continue to build fluency. Key Stage 1. Pre-adolescent. 0aChildren storiesvEnglish aAlex, BrychtaeAuthor aHunt, RoderickeAuthor